000
00269nam a2200097Ia 4500
008
230907s9999||||xx |||||||||||||| ||und||
082
_a
372.358044
_b
FLE
245
0
_a
Design and technology for children /
260
_a
Pearson Education ,
_b
Australia :
_c
2011
942
_c
BK
999
_c
599014
_d
599014